Madness - Night Boat To Cairo Lyrics - Statistics

General Stats
  • This quiz has been taken 43 times
  • The average score is 81 of 108
Answer Stats
Lyrics % Correct
Boat
97%
It’s
97%
The
97%
To
97%
A
94%
Half
94%
He
94%
Just
94%
Nile
94%
No
94%
Noon
94%
On
94%
Past
94%
River
94%
Banks
90%
Cairo
90%
Gone
90%
Night
90%
Of
90%
Monsoon
87%
In
84%
His
81%
Last
81%
Mile
81%
Only
81%
Afloat
77%
Reaches
77%
As
74%
Comes
74%
Here
74%
More
74%
Shore
71%
Smile
71%
Along
68%
Oar
68%
This
68%
Desolate
65%
Hand
65%
Toothless
65%
One
61%
Wind
61%
An
58%
Hair
58%
Oarsman
58%
Grins
55%
Seem
55%
Care
52%
Doesn’t
52%
Down
52%
Dry
52%
Land
52%
Off
52%
Floats
48%
Snaps
48%
With
42%
Before
39%
But
39%
Sand
39%
Deafen
35%
Sound
35%
At
32%
Pokes
32%
Wet
32%
Aboard
23%
All
23%
No matching quizzes found
Score Distribution
Percent of People with Each Score
Percentile by Number Answered
Your Score History
You have not taken this quiz